Normal view
MARC view
Entry Personal Name
001 - CONTROL NUMBER
- control field: 17062
003 - CONTROL NUMBER IDENTIFIER
- control field: BD-RjUL
005 - DATE AND TIME OF LATEST TRANSACTION
- control field: 20251006120947.0
008 - FIXED-LENGTH DATA ELEMENTS
- fixed length control field: 251006|| aca||aabn | a|a d
040 ## - CATALOGING SOURCE
- Original cataloging agency: BD-RjUL
- Transcribing agency: BD-RjUL
100 ## - HEADING--PERSONAL NAME
- Personal name: Thomas,
- Titles and other words associated with a name: the Rhymer,
- Dates associated with a name: 1220?-1297?
- General subdivision: Romances
670 ## - SOURCE DATA FOUND
- Source citation: Work cat.: (BD-RjUL)85788: Thomas, the Rhymer, 1220?-1297? 17061, The romance and prophecies of Thomas of Erceldoune, printed from five manuscripts;, 1875.